| 000 | 00803nam a22002412 4500 | ||
|---|---|---|---|
| 001 | 0000008410 | ||
| 005 | 20151217145840.0 | ||
| 008 | 080409s xx 000 0 eng d | ||
| 020 |
_a0262511916 : _cKES 2800 |
||
| 040 |
_aKABU _cKABU |
||
| 100 | 1 |
_aAndersson, Eve. _@0000157711 |
|
| 245 | 1 | 0 |
_aSoftware engineering for internet applications / _cEve Andersson, Philip Greenspun, and Andrew Grumet. |
| 260 |
_aLondon : _bThe MIT press, _c2006. |
||
| 300 | _aix, 398 p. | ||
| 650 | 0 |
_aInternet programming. _@0000154340 |
|
| 650 | 0 |
_aApplication software. _@0000158972 |
|
| 650 | 0 |
_aSoftware engineering. _@0000154311 |
|
| 700 | 1 |
_aGreenspun, Philip. _@0000157712 |
|
| 700 | 1 |
_aGrumet, Andrew. _@0000157713 |
|
| 908 | _a080409 | ||
| 950 | _@1 | ||
| 999 |
_c3257 _d3257 |
||